Schweiz: Kantone nach Abkürzung - Statistiken

Allgemein
  • Dieses Quiz wurde 115 mal gespielt
  • Das Durchschnittsergebnis liegt bei 18 aus 26
Antworten auf der Karte
Die Antworten werden auf der Karte rot bzw. grün angezeigt, abhängig davon wie oft sie richtig erraten wurden.
 
Antwortstatistiken
Abk. Kanton % Korrekt
BE Bern
84%
BS Basel-Stadt
79%
ZH Zürich
79%
BL Basel-Landschaft
75%
AI Appenzell Innerrhoden
74%
AG Aargau
72%
GE Genf
72%
GR Graubünden
72%
LU Luzern
72%
UR Uri
72%
AR Appenzell Ausserrhoden
70%
TI Tessin
70%
SH Schaffhausen
69%
SG St. Gallen
67%
FR Freiburg
66%
SO Solothurn
66%
SZ Schwyz
64%
TG Thurgau
64%
VS Wallis
64%
ZG Zug
64%
GL Glarus
62%
JU Jura
62%
VD Waadt
61%
OW Obwalden
59%
NE Neuenburg
57%
NW Nidwalden
57%
Keine übereinstimmenden Quizze gefunden
Verteilung der Resultate
Anzahl Personen mit jedem Resultat
Perzentil nach korrekt beantworteten Fragen
Ihre Resultats-Entwicklung
Sie haben dieses Quiz noch nicht gespielt